Ionized gases (Record no. 1578)

MARC details
000 -LEADER
fixed length control field 00424nam a2200169Ia 4500
003 - CONTROL NUMBER IDENTIFIER
control field IN-BaIIA
008 - FIXED-LENGTH DATA ELEMENTS--GENERAL INFORMATION
fixed length control field 211028s9999 xx 000 0 eng d
040 ## - CATALOGING SOURCE
Transcribing agency IIA Library
080 ## - UNIVERSAL DECIMAL CLASSIFICATION NUMBER
Universal Decimal Classification number 537.56
Item number VON
100 ## - MAIN ENTRY--PERSONAL NAME
Personal name Von Engel, A
9 (RLIN) 3171
245 #0 - TITLE STATEMENT
Title Ionized gases
Statement of responsibility, etc. A. von Engel.
260 ## - PUBLICATION, DISTRIBUTION, ETC.
Place of publication, distribution, etc. Oxford
Name of publisher, distributor, etc. The Clarendon Press
Date of publication, distribution, etc. 1955
300 ## - PHYSICAL DESCRIPTION
Extent x, 281p.
650 ## - SUBJECT ADDED ENTRY--TOPICAL TERM
Topical term or geographic name entry element Ionized Gases
9 (RLIN) 1896
650 ## - SUBJECT ADDED ENTRY--TOPICAL TERM
Topical term or geographic name entry element NASA Thesaurus
942 ## - ADDED ENTRY ELEMENTS (KOHA)
Koha item type Books
Holdings
Withdrawn status Lost status Damaged status Not for loan Home library Current library Shelving location Date acquired Cost, normal purchase price Total Checkouts Full call number Barcode Date last seen Cost, replacement price Price effective from Koha item type Purchase Price
        IIA Library-Bangalore IIA Library-Bangalore General Stacks   21.00   537.56/ VON 1728 05/11/2021 21.00   Books Rs. 21.00

Powered by Koha